Hombres y realidades de nuestro tiempo / (Record no. 147850)

MARC details
000 -LEADER
campo de control de longitud fija 00574nam a2200193 i 4500
001 - NÚMERO DE CONTROL
campo de control 147850
003 - IDENTIFICADOR DE NÚMERO DE CONTROL
campo de control ES-MaACL
005 - FECHA Y HORA DE LA ÚLTIMA TRANSACCIÓN
campo de control 20260612132717.0
007 - CAMPO FIJO DE DESCRIPCIÓN FÍSICA--INFORMACIÓN GENERAL
campo de control de longitud fija t|
008 - DATOS DE LONGITUD FIJA--INFORMACIÓN GENERAL
campo de control de longitud fija 071008s1961 sp ||||1| spa d
080 ## - NÚMERO DE LA CLASIFICACIÓN DECIMAL UNIVERSAL
Número de la Clasificación Decimal Universal 86-4"19"
100 1# - ENTRADA PRINCIPAL--NOMBRE DE PERSONA
Nombre de persona Uscatescu, Jorge,
Fechas asociadas al nombre 1919-1995
9 (RLIN) 112293
245 10 - MENCIÓN DEL TÍTULO
Título Hombres y realidades de nuestro tiempo /
Mención de responsabilidad, etc. Jorge Uscatescu ; prólogo de Vintila Horia.
260 ## - PUBLICACIÓN, DISTRIBUCIÓN, ETC.
Lugar de publicación, distribución, etc. Madrid :
Nombre del editor, distribuidor, etc. Rialp,
Fecha de publicación, distribución, etc. 1961.
300 ## - DESCRIPCIÓN FÍSICA
Extensión 190 p. ;
Dimensiones 18 cm.
700 1# - ENTRADA AGREGADA--NOMBRE PERSONAL
Nombre de persona Horia, Vintila (
Fechas asociadas al nombre 1915-1992)
9 (RLIN) 64193
852 ## - LOCALIZACIÓN
Ubicación ES-MaACL
Número de control de estantería C-20202
Sublocalización o colección R.48587
Holdings
Estatus retirado Estado de pérdida Estado de daño No para préstamo Biblioteca de origen Biblioteca actual Ubicación en estantería Fecha de adquisición Fuente de adquisición Total de préstamos Signatura topográfica completa Código de barras Visto por última vez Precio de reemplazo Tipo de ítem Koha
        Biblioteca del Ateneo de Madrid Biblioteca del Ateneo de Madrid Galería 17/01/2008     C-20202 1154297 23/02/2023 23/02/2023 Libro impreso